[Event "33ème Open International d'Avoine"]
[Site "Avoine"]
[Date "2018.07.21"]
[Round "8.42"]
[White "Kern, Nicolas"]
[Black "Berthaut, Alexandre"]
[Result "1-0"]
[WhiteElo "2104"]
[BlackElo "1921"]
[PlyCount "106"]
[EventDate "2018.??.??"]

1. e4 d5 2. exd5 Qxd5 3. Nc3 Qd6 4. g3 Nf6 5. Bg2 a6 6. Nge2 Nc6 7. d4 Bg4 8.
f3 Bf5 9. Ne4 Qb4+ 10. c3 Qb6 11. Qc2 O-O-O 12. Be3 e5 13. Nd6+ Bxd6 14. Qxf5+
Kb8 15. O-O-O Nd5 16. Bf2 exd4 17. Qxd5 Bf4+ 18. Nxf4 Rxd5 19. Nxd5 Qa5 20.
Bxd4 Qxa2 21. Bxg7 Re8 22. Bf1 Qa1+ 23. Kc2 Qa4+ 24. Kd2 Rd8 25. Ke1 Re8+ 26.
Be2 Qc2 27. Nf4 Qxb2 28. Kf2 Qb6+ 29. Kg2 Qb2 30. Rhe1 Na5 31. Rd7 Nc4 32. Kf2
Nd6 33. Nd5 Qd2 34. Nxc7 Ne4+ 35. fxe4 Qxd7 36. Nxe8 Qxe8 37. Bd3 Qe6 38. Bd4
Qg4 39. Kg2 h5 40. h3 Qg5 41. Be3 Qa5 42. Bd4 Qg5 43. Re2 Qc1 44. Bc4 Qg5 45.
Rf2 h4 46. g4 Qe7 47. e5 Qc7 48. Bxf7 Qc6+ 49. Rf3 Qe4 50. e6 Qe2+ 51. Bf2 a5
52. Re3 Qc4 53. e7 Qc6+ 1-0

[Event "33ème Open International d'Avoine"]
[Site "Avoine"]
[Date "2018.07.21"]
[Round "8.43"]
[White "Droin, Augustin"]
[Black "Imperor, Lorene"]
[Result "1-0"]
[WhiteElo "2095"]
[BlackElo "1914"]
[PlyCount "149"]
[EventDate "2018.??.??"]

1. e4 c5 2. Nf3 e6 3. d4 cxd4 4. Nxd4 Nf6 5. Bd3 Nc6 6. Nxc6 bxc6 7. O-O d5 8.
e5 Nd7 9. Qe2 Nc5 10. f4 Nxd3 11. cxd3 Be7 12. Nd2 O-O 13. Kh1 f6 14. Nf3 fxe5
15. Nxe5 Qe8 16. b3 Bb7 17. Bb2 c5 18. d4 Rc8 19. Rae1 cxd4 20. Bxd4 Bb4 21.
Rd1 a5 22. Rf3 Bc5 23. Qf2 Bxd4 24. Qxd4 Qe7 25. Re1 Qh4 26. Nd3 Qf6 27. Qb6
Bc6 28. Ne5 Be8 29. Rf2 a4 30. Qa6 Rb8 31. bxa4 Rb4 32. a5 Rxf4 33. Rxf4 Qxf4
34. Qxe6+ Kh8 35. Nf3 Bf7 36. Qc6 Qb4 37. Rf1 Be8 38. Qxd5 Bb5 39. Rc1 Qxa5 40.
Rb1 Rb8 41. Nd4 Qd2 42. h3 h6 43. Rxb5 Rxb5 44. Qa8+ Kh7 45. Qe4+ Kh8 46. Nxb5
Qxa2 47. Nd6 Qa1+ 48. Kh2 Qf6 49. Nf5 Qf8 50. Qe5 Kh7 51. h4 Qf7 52. Kh3 Qb3+
53. g3 Qf7 54. Qe4 Kh8 55. Qd3 Qe6 56. g4 Qc6 57. Ng3 Qf6 58. Qf5 Qd6 59. g5
hxg5 60. hxg5 Qd8 61. g6 Kg8 62. Kg4 Qd4+ 63. Kh3 Qd8 64. Qe6+ Kh8 65. Qg4 Kg8
66. Qc4+ Kh8 67. Qh4+ Qxh4+ 68. Kxh4 Kg8 69. Kg5 Kh8 70. Kf5 Kg8 71. Ke6 Kh8
72. Nh5 Kg8 73. Ke7 Kh8 74. Nf6 gxf6 75. Kf7 1-0

[Event "33ème Open International d'Avoine"]
[Site "Avoine"]
[Date "2018.07.21"]
[Round "8.44"]
[White "Rodriguez Rodriguez, Antonio"]
[Black "Bex, Lennert"]
[Result "1/2-1/2"]
[WhiteElo "2088"]
[BlackElo "1920"]
[PlyCount "72"]
[EventDate "2018.??.??"]

1. d4 d6 2. e4 g6 3. Nc3 Bg7 4. Bc4 Nf6 5. Qe2 c6 6. e5 dxe5 7. dxe5 Nd5 8. Bd2
a6 9. f4 Bh6 10. O-O-O e6 11. Ne4 Nd7 12. Nd6+ Kf8 13. Nh3 b5 14. Bb3 Rg8 15.
Ng5 Bxg5 16. fxg5 Kg7 17. Rdf1 Rf8 18. Rf3 Ra7 19. h4 Nb8 20. h5 c5 21. c3 Nc6
22. Qe4 c4 23. hxg6 fxg6 24. Rfh3 Rh8 25. Bc2 Nce7 26. Nf7 Kxf7 27. Rxh7+ Rxh7
28. Rxh7+ Kf8 29. Qh4 Qb6 30. Bxg6 Ng8 31. Rh8 Qg1+ 32. Kc2 Ne3+ 33. Bxe3 Qxe3
34. Qh6+ Rg7 35. Bh7 Qe2+ 36. Kc1 Qe1+ 1/2-1/2

[Event "33ème Open International d'Avoine"]
[Site "Avoine"]
[Date "2018.07.21"]
[Round "8.45"]
[White "Retailleau, Elise"]
[Black "Bauche, Timothe"]
[Result "1-0"]
[WhiteElo "1901"]
[BlackElo "2086"]
[PlyCount "172"]
[EventDate "2018.??.??"]

1. e4 e5 2. Nf3 Nc6 3. d4 exd4 4. Nxd4 Nf6 5. Nxc6 bxc6 6. e5 Qe7 7. Qe2 Nd5 8.
c4 Nb6 9. Qe4 Qe6 10. Nc3 g6 11. Bd3 Bg7 12. f4 O-O 13. O-O Ba6 14. b3 d5 15.
cxd5 cxd5 16. Qf3 Bxd3 17. Qxd3 f6 18. Ba3 fxe5 19. Bxf8 e4 20. Qc2 Rxf8 21.
Rac1 Bd4+ 22. Kh1 Be3 23. Rce1 Rxf4 24. Nb5 Qf5 25. Rxf4 Bxf4 26. Nxa7 Qh5 27.
h3 Qh4 28. Re2 Qg3 29. Kg1 e3 30. Kf1 Qh2 31. Re1 Qh1+ 32. Ke2 Qxg2+ 33. Kd1
Qf3+ 34. Kc1 Bg3 35. Qe2 Qe4 36. Rf1 d4 37. Rd1 Nd5 38. Nc6 Nc3 39. Qc4+ Kf8
40. Rf1+ Bf2 41. Kb2 Nd5 42. Nxd4 Qe5 43. Kc2 Kg7 44. Ne2 Qf5+ 45. Kc1 Qxh3 46.
Rd1 Ne7 47. Qxc7 Bh4 48. Qe5+ Bf6 49. Qe4 Qc8+ 50. Kb1 Nf5 51. a4 h5 52. Qc4
Qb8 53. a5 Qe5 54. Rd7+ Ne7 55. Qd4 Qf5+ 56. Qd3 Qxa5 57. Qxe3 Qa1+ 58. Kc2
Qb2+ 59. Kd1 Qb1+ 60. Kd2 Qb2+ 61. Ke1 Bh4+ 62. Kf1 Qf6+ 63. Kg1 Bg5 64. Qd4
Qxd4+ 65. Nxd4 Kf6 66. Kg2 Bf4 67. b4 Nc8 68. Kf3 g5 69. b5 Be5 70. Nc6 g4+ 71.
Kg2 Bf4 72. Na7 Nb6 73. Rb7 Be3 74. Rb8 h4 75. Rh8 Kg5 76. Rg8+ Kf5 77. Rf8+
Kg5 78. Nc8 Nd5 79. Rd8 Nf4+ 80. Kh1 g3 81. Rg8+ Kh5 82. b6 Ng6 83. Kg2 Nf4+
84. Kf3 g2 85. b7 Ng6 86. Kxg2 Bf4 1-0

[Event "33ème Open International d'Avoine"]
[Site "Avoine"]
[Date "2018.07.21"]
[Round "8.46"]
[White "Kempinski, Andre"]
[Black "Bianchi, Guillaume"]
[Result "1/2-1/2"]
[WhiteElo "1898"]
[BlackElo "2071"]
[PlyCount "111"]
[EventDate "2018.??.??"]

1. e4 c5 2. Nf3 d6 3. d4 cxd4 4. Nxd4 Nf6 5. Nc3 g6 6. Be3 Bg7 7. f3 Nc6 8. Qd2
O-O 9. Bc4 Bd7 10. g4 Rc8 11. Bb3 Ne5 12. h4 h5 13. gxh5 Nxh5 14. Rg1 Kh7 15.
O-O-O b5 16. Kb1 a5 17. a3 a4 18. Ba2 Qa5 19. Nd5 Qxd2 20. Rxd2 Nc4 21. Bxc4
bxc4 22. Ne2 Rb8 23. Bd4 Bh6 24. Rdd1 Rfe8 25. Nb6 Bb5 26. Nc3 Ba6 27. Nbxa4
Rb7 28. Nd5 Reb8 29. Nb4 Bb5 30. Nc3 Bd7 31. Ka1 Nf4 32. Nbd5 Rxb2 33. Nb4
R2xb4 34. axb4 Ne6 35. Ne2 Nxd4 36. Nxd4 Rxb4 37. c3 Rb7 38. Rg2 e5 39. Nc2 Rb3
40. Rxd6 Be6 41. Ra6 Bc1 42. Nb4 Rxc3 43. Rc2 Rxc2 44. Nxc2 Bf4 45. Kb2 Bg3 46.
Ra1 Bxh4 47. Rh1 g5 48. Kc3 Kg6 49. Ne3 Bf2 50. Nd5 g4 51. fxg4 Bxg4 52. Kxc4
Bd4 53. Kd3 f5 54. Ne7+ Kg5 55. Rh8 fxe4+ 56. Kxe4 1/2-1/2

[Event "33ème Open International d'Avoine"]
[Site "Avoine"]
[Date "2018.07.21"]
[Round "8.47"]
[White "Le, Quan Anh"]
[Black "Roux, Baptiste"]
[Result "1-0"]
[WhiteElo "2068"]
[BlackElo "1901"]
[PlyCount "123"]
[EventDate "2018.??.??"]

1. e4 c5 2. Nf3 e6 3. d3 Nc6 4. g3 Nf6 5. Bg2 d6 6. O-O Be7 7. Re1 Qc7 8. c3
O-O 9. Nbd2 Bd7 10. Nf1 Rfc8 11. h3 b5 12. Qe2 Rab8 13. N3h2 b4 14. Bf4 bxc3
15. bxc3 e5 16. Be3 Qa5 17. Rec1 Qa3 18. g4 Rb2 19. Rc2 Rcb8 20. Bc1 Rxc2 21.
Qxc2 Qa6 22. Ne3 Be6 23. Bf1 Qb7 24. Nf3 Bf8 25. Nd2 Ne7 26. Nf5 d5 27. Rb1 Qc7
28. Rxb8 Qxb8 29. Ng3 Ng6 30. Nf3 Qb7 31. Be3 d4 32. Bd2 Nd7 33. Ng5 Be7 34.
Nxe6 fxe6 35. cxd4 cxd4 36. Be2 Nf4 37. Bxf4 exf4 38. Nf1 Nc5 39. Nd2 e5 40.
Bd1 Qb5 41. Nc4 Bf6 42. g5 Bxg5 43. Nxe5 Bf6 44. Nc4 Qb4 45. Kf1 Qc3 46. e5 Bh4
47. Qxc3 dxc3 48. d4 Ne4 49. Bb3 Kf8 50. f3 Nd2+ 51. Nxd2 cxd2 52. Ke2 Be1 53.
d5 Ke7 54. Kd3 h6 55. Ke4 g5 56. d6+ Kd7 57. Kd5 g4 58. hxg4 Bh4 59. e6+ Kd8
60. e7+ Bxe7 61. dxe7+ Kxe7 62. Ke5 1-0

[Event "33ème Open International d'Avoine"]
[Site "Avoine"]
[Date "2018.07.21"]
[Round "8.48"]
[White "Garcia, Adrien"]
[Black "Zachary, Bastian"]
[Result "1-0"]
[WhiteElo "2066"]
[BlackElo "1887"]
[PlyCount "57"]
[EventDate "2018.??.??"]

1. e4 e5 2. Nf3 Nc6 3. c3 d5 4. Qa4 f6 5. Bb5 Nge7 6. exd5 Qxd5 7. d4 Bg4 8.
Nbd2 Bxf3 9. Nxf3 Qe4+ 10. Be3 O-O-O 11. dxe5 Qxa4 12. Bxa4 Nxe5 13. Nxe5 fxe5
14. Bb3 Nd5 15. O-O-O c6 16. Bxa7 Be7 17. Rhe1 Bf6 18. f3 Nf4 19. Bb6 Nd3+ 20.
Kb1 Nxe1 21. Bxd8 Rxd8 22. Rxe1 Rd2 23. Be6+ Kc7 24. Bh3 b5 25. Re4 c5 26. a4
Kb6 27. axb5 Kxb5 28. Kc1 Bg5 29. f4 1-0

[Event "33ème Open International d'Avoine"]
[Site "Avoine"]
[Date "2018.07.21"]
[Round "8.49"]
[White "Marchais, Antoine"]
[Black "Dube, Dimitri"]
[Result "1/2-1/2"]
[WhiteElo "1753"]
[BlackElo "2061"]
[PlyCount "125"]
[EventDate "2018.??.??"]

1. e4 c6 2. d4 d5 3. Nc3 dxe4 4. Nxe4 Nd7 5. Nf3 Ngf6 6. Nc3 e6 7. Bf4 Be7 8.
Bc4 O-O 9. O-O b5 10. Bd3 Bb7 11. Ne5 Rc8 12. Qf3 Qb6 13. Nxd7 Nxd7 14. Qh3 Nf6
15. Be5 g6 16. Qh6 c5 17. Nxb5 c4 18. Nd6 cxd3 19. Nxc8 Rxc8 20. cxd3 Bf8 21.
Qd2 Ng4 22. Qe2 h5 23. Rfc1 Rc6 24. Kf1 Ba6 25. Rc3 Nxe5 26. dxe5 Qd4 27. Rb3
Rb6 28. Rc3 Bb4 29. Rb3 Ba5 30. Rd1 Rxb3 31. axb3 Bc7 32. Qe3 Bxe5 33. Qxd4
Bxd4 34. Rd2 Kf8 35. Ke2 Ke7 36. Kd1 Kd6 37. Kc2 Kd5 38. Re2 e5 39. f3 f5 40.
h3 h4 41. Re1 Bb5 42. b4 Bb6 43. Kc3 Bd8 44. Rc1 Bf6 45. Kb3 Bxd3 46. Rc7 Bf1
47. Rd7+ Ke6 48. Rxa7 e4 49. fxe4 fxe4 50. Ra1 Bxg2 51. b5 Kd5 52. b6 Kc6 53.
Rg1 Bxh3 54. Rxg6 Kxb6 55. Rxf6+ Kc5 56. Rh6 Kd4 57. Rxh4 Bg2 58. Rh8 Ke3 59.
Kc3 Kf2 60. Kd4 e3 61. Rf8+ Bf3 62. Re8 e2 63. Rxe2+ 1/2-1/2

[Event "33ème Open International d'Avoine"]
[Site "Avoine"]
[Date "2018.07.21"]
[Round "8.50"]
[White "Harutyunyan, Safar"]
[Black "Veysseyre, Robin"]
[Result "1-0"]
[WhiteElo "2050"]
[BlackElo "1882"]
[PlyCount "51"]
[EventDate "2018.??.??"]

1. e4 e5 2. Nf3 Nc6 3. Bb5 a6 4. Ba4 Nf6 5. O-O Be7 6. Qe2 b5 7. Bb3 O-O 8. c3
Re8 9. d4 exd4 10. cxd4 d5 11. e5 Ne4 12. Nc3 Nxc3 13. bxc3 Bf5 14. Nd2 Na5 15.
Bd1 b4 16. Bb2 bxc3 17. Bxc3 c5 18. f4 cxd4 19. Bxd4 Nc6 20. Bf2 d4 21. g4 Be6
22. a3 Qd7 23. Ne4 d3 24. Qf3 Nd4 25. Qxd3 Rad8 26. f5 1-0

[Event "33ème Open International d'Avoine"]
[Site "Avoine"]
[Date "2018.07.21"]
[Round "9.1"]
[White "Ortiz Suarez, Isan Reynaldo"]
[Black "Lerch, Patrice"]
[Result "1-0"]
[WhiteElo "2548"]
[BlackElo "2405"]
[PlyCount "95"]
[EventDate "2018.??.??"]

1. e4 {[%emt 0:00:02]} c5 {[%emt 0:00:07]} 2. Nf3 {[%emt 0:00:07]} Nc6 {
[%emt 0:00:11]} 3. d4 {[%emt 0:00:26]} cxd4 {[%emt 0:05:01]} 4. Nxd4 {
[%emt 0:00:05]} Nf6 {[%emt 0:00:30]} 5. Nc3 {[%emt 0:00:06]} e6 {[%emt 0:00:19]
} 6. Nxc6 {[%emt 0:02:52]} bxc6 {[%emt 0:04:50]} 7. e5 {[%emt 0:00:06]} Nd5 {
[%emt 0:00:03]} 8. Ne4 {[%emt 0:00:10]} Bb7 {[%emt 0:00:02]} 9. Be2 {
[%emt 0:05:57]} c5 {[%emt 0:04:26]} 10. c4 {[%emt 0:07:10]} Ne3 {[%emt 0:01:35]
} 11. Bxe3 {[%emt 0:02:36]} Bxe4 {[%emt 0:00:06]} 12. Bf3 {[%emt 0:05:18]} Bxf3
{[%emt 0:01:07]} 13. Qxf3 {[%emt 0:00:05]} Rb8 {[%emt 0:09:00]} 14. O-O {
[%emt 0:11:41]} Qc8 {[%emt 0:11:34]} 15. b3 {[%emt 0:02:30]} h6 {[%emt 0:41:00]
} 16. Rad1 {[%emt 0:01:31]} Be7 {[%emt 0:02:45]} 17. Rd3 {[%emt 0:04:19]} Qb7 {
[%emt 0:04:46]} 18. Qg3 {[%emt 0:03:15]} g6 {[%emt 0:00:05]} 19. Rfd1 {
[%emt 0:00:42]} Rd8 {[%emt 0:00:03]} 20. f3 {[%emt 0:02:31]} Qc7 {
[%emt 0:02:51]} 21. Bd2 {[%emt 0:10:12]} Rb8 {[%emt 0:04:04]} 22. Qe1 {
[%emt 0:03:12]} Rb7 {[%emt 0:01:21]} 23. Ba5 {[%emt 0:06:52]} Qc6 {
[%emt 0:00:22]} 24. Bc3 {[%emt 0:06:54]} Kf8 {[%emt 0:01:19]} 25. Qd2 {
[%emt 0:02:38]} Ke8 {[%emt 0:00:05]} 26. h3 {[%emt 0:10:00]} Bg5 {
[%emt 0:00:44]} 27. Qf2 {[%emt 0:03:27]} Be7 {[%emt 0:00:03]} 28. Bd2 {
[%emt 0:00:11]} Kf8 {[%emt 0:00:29]} 29. Be3 {[%emt 0:00:21]} Ke8 {
[%emt 0:02:33]} 30. Rd6 {[%emt 0:04:29]} Bxd6 {[%emt 0:00:32]} 31. Rxd6 {
[%emt 0:00:05]} Qc7 {[%emt 0:00:31]} 32. Bxc5 {[%emt 0:00:05]} Qa5 {
[%emt 0:03:38]} 33. Rd3 {[%emt 0:03:57]} f6 {[%emt 0:02:41]} 34. b4 {
[%emt 0:06:10]} Qc7 {[%emt 0:02:04]} 35. exf6 {[%emt 0:00:32]} Kf7 {
[%emt 0:00:06]} 36. Qd2 {[%emt 0:00:49]} a5 {[%emt 0:01:03]} 37. a3 {
[%emt 0:00:03]} axb4 {[%emt 0:00:04]} 38. axb4 {[%emt 0:00:03]} Ra8 {
[%emt 0:03:03]} 39. Qxh6 {[%emt 0:06:38]} Ra1+ {[%emt 0:00:11]} 40. Kf2 {
[%emt 0:00:03]} Ra2+ {[%emt 0:00:09]} 41. Rd2 {[%emt 0:02:23]} Rxd2+ {
[%emt 0:12:45]} 42. Qxd2 {[%emt 0:00:20]} Kxf6 {[%emt 0:00:53]} 43. Qh6 {
[%emt 0:00:30]} d5 {[%emt 0:03:48]} 44. Qf8+ {[%emt 0:04:48]} Qf7 {
[%emt 0:00:23]} 45. Qd8+ {[%emt 0:02:49]} Ke5 {[%emt 0:01:05]} 46. Qd6+ {
[%emt 0:04:48]} Kf6 {[%emt 0:01:34]} 47. Bd4+ {[%emt 0:00:18]} Kg5 {
[%emt 0:00:12]} 48. Qg3+ {
1-0 Ortiz Suarez,I-Lerch,P/Avoine, France 2018 [%emt 0:00:08]} 1-0

[Event "33ème Open International d'Avoine"]
[Site "Avoine"]
[Date "2018.07.21"]
[Round "9.2"]
[White "Bailet, Pierre"]
[Black "Shirazi, Kamran"]
[Result "0-1"]
[WhiteElo "2503"]
[BlackElo "2330"]
[PlyCount "82"]
[EventDate "2018.??.??"]

1. e4 {[%emt 0:00:42]} c6 {[%emt 0:01:51]} 2. Nf3 {[%emt 0:00:58]} d5 {
[%emt 0:03:11]} 3. Nc3 {[%emt 0:00:34]} Bg4 {[%emt 0:00:12]} 4. h3 {
[%emt 0:00:18]} Bxf3 {[%emt 0:00:18]} 5. Qxf3 {[%emt 0:00:11]} Nf6 {
[%emt 0:00:38]} 6. g3 {[%emt 0:02:44]} e6 {[%emt 0:00:34]} 7. Bg2 {
[%emt 0:00:55]} Bb4 {[%emt 0:00:43]} 8. e5 {[%emt 0:03:10]} Nfd7 {
[%emt 0:00:16]} 9. Qg4 {[%emt 0:02:28]} Bf8 {[%emt 0:00:38]} 10. f4 {
[%emt 0:04:36]} c5 {[%emt 0:02:10]} 11. Nb5 {[%emt 0:11:34]} g6 {[%emt 0:01:27]
} 12. c4 {[%emt 0:00:30]} Qb6 {[%emt 0:07:42]} 13. d3 {[%emt 0:02:48]} a6 {
[%emt 0:22:26]} 14. Nc3 {[%emt 0:01:10]} dxc4 {[%emt 0:00:09]} 15. dxc4 {
[%emt 0:00:12]} Nc6 {[%emt 0:00:03]} 16. O-O {[%emt 0:08:20]} Qb4 {
[%emt 0:02:54]} 17. Bxc6 {[%emt 0:07:08]} bxc6 {[%emt 0:00:02]} 18. Qf3 {
[%emt 0:01:56]} Rc8 {[%emt 0:00:59]} 19. b3 {[%emt 0:02:16]} Bg7 {
[%emt 0:04:25]} 20. Rd1 {[%emt 0:05:12]} Rc7 {[%emt 0:02:43]} 21. Bd2 {
[%emt 0:05:18]} Qb8 {[%emt 0:01:39]} 22. Ne4 {[%emt 0:01:01]} O-O {
[%emt 0:02:10]} 23. Ba5 {[%emt 0:04:55]} f6 {[%emt 0:00:06]} 24. Bxc7 {
[%emt 0:02:58]} Qxc7 {[%emt 0:00:02]} 25. Qd3 {[%emt 0:00:46]} Nxe5 {
[%emt 0:01:53]} 26. fxe5 {[%emt 0:00:32]} Qxe5 {[%emt 0:00:02]} 27. Re1 {
[%emt 0:02:50]} f5 {[%emt 0:01:09]} 28. Nf2 {[%emt 0:01:18]} Qc7 {
[%emt 0:00:42]} 29. Rad1 {[%emt 0:01:33]} Bd4 {[%emt 0:00:22]} 30. Kg2 {
[%emt 0:06:10]} e5 {[%emt 0:00:27]} 31. Qf3 {[%emt 0:01:38]} e4 {[%emt 0:00:58]
} 32. Qf4 {[%emt 0:00:53]} Qg7 {[%emt 0:01:44]} 33. Qd6 {[%emt 0:01:49]} Rf6 {
[%emt 0:00:55]} 34. Qd8+ {[%emt 0:04:50]} Rf8 {[%emt 0:00:04]} 35. Qb6 {
[%emt 0:01:15]} Qf6 {[%emt 0:00:18]} 36. h4 {[%emt 0:02:48]} Bxf2 {
[%emt 0:09:51]} 37. Kxf2 {[%emt 0:00:24]} f4 {[%emt 0:00:15]} 38. Kg1 {
[%emt 0:14:42]} Qc3 {[%emt 0:00:56]} 39. Qxc6 {[%emt 0:01:08]} Qxg3+ {
[%emt 0:00:28]} 40. Kf1 {[%emt 0:00:36]} f3 {[%emt 0:03:06]} 41. Qe6+ {
[%emt 0:02:44]} Kh8 {[%emt 0:00:09]} 0-1

[Event "33ème Open International d'Avoine"]
[Site "Avoine"]
[Date "2018.07.21"]
[Round "9.3"]
[White "Travadon, Loic"]
[Black "Burri, Quentin"]
[Result "1/2-1/2"]
[WhiteElo "2344"]
[BlackElo "2423"]
[PlyCount "51"]
[EventDate "2018.??.??"]

1. e4 {[%emt 0:00:00]} c5 {[%emt 0:00:06]} 2. Nf3 {[%emt 0:00:04]} d6 {
[%emt 0:00:19]} 3. d4 {[%emt 0:00:05]} Nf6 {[%emt 0:01:06]} 4. Nc3 {
[%emt 0:00:06]} cxd4 {[%emt 0:00:05]} 5. Nxd4 {[%emt 0:00:05]} a6 {
[%emt 0:00:17]} 6. Nb3 {[%emt 0:00:07]} Nc6 {[%emt 0:03:29]} 7. Be3 {
[%emt 0:00:13]} g6 {[%emt 0:02:12]} 8. Nd5 {[%emt 0:00:10]} Nxd5 {
[%emt 0:11:27]} 9. exd5 {[%emt 0:00:02]} Ne5 {[%emt 0:00:27]} 10. Bd4 {
[%emt 0:00:12]} Bh6 {[%emt 0:02:27]} 11. Be2 {[%emt 0:00:27]} O-O {
[%emt 0:01:26]} 12. O-O {[%emt 0:01:46]} b5 {[%emt 0:08:06]} 13. a4 {
[%emt 0:05:51]} Bb7 {[%emt 0:04:33]} 14. axb5 {[%emt 0:00:20]} axb5 {
[%emt 0:00:21]} 15. Bxb5 {[%emt 0:01:58]} Bxd5 {[%emt 0:07:20]} 16. Bxe5 {
[%emt 0:01:03]} Bxb3 {[%emt 0:13:52]} 17. Rxa8 {[%emt 0:00:22]} Qxa8 {
[%emt 0:00:09]} 18. Bxd6 {[%emt 0:00:31]} Bd5 {[%emt 0:19:09]} 19. Bxe7 {
[%emt 0:00:05]} Rb8 {[%emt 0:00:04]} 20. c4 {[%emt 0:00:19]} Bxg2 {
[%emt 0:00:08]} 21. Re1 {[%emt 0:00:05]} Bh3 {[%emt 0:04:09]} 22. f3 {
[%emt 0:00:12]} Qa7+ {[%emt 0:04:36]} 23. c5 {[%emt 0:00:03]} Qb7 {
[%emt 0:04:58]} 24. Bf1 {[%emt 0:02:58]} Bxf1 {[%emt 0:03:08]} 25. Kxf1 {
[%emt 0:00:00]} Qxb2 {[%emt 0:00:18]} 26. Bd6 {[%emt 0:00:30]} 1/2-1/2

[Event "33ème Open International d'Avoine"]
[Site "Avoine"]
[Date "2018.07.21"]
[Round "9.4"]
[White "Haub, Thorsten Michael"]
[Black "Sandu, Mihaela"]
[Result "1/2-1/2"]
[WhiteElo "2405"]
[BlackElo "2248"]
[PlyCount "47"]
[EventDate "2018.??.??"]

1. g3 {[%emt 0:00:03]} d5 {[%emt 0:03:41]} 2. Bg2 {[%emt 0:00:07]} e5 {
[%emt 0:00:33]} 3. d3 {[%emt 0:00:06]} Nf6 {[%emt 0:00:32]} 4. Nd2 {
[%emt 0:00:16]} Be7 {[%emt 0:00:35]} 5. e4 {[%emt 0:01:07]} Nc6 {[%emt 0:00:54]
} 6. Ngf3 {[%emt 0:00:21]} O-O {[%emt 0:04:02]} 7. O-O {[%emt 0:00:33]} Re8 {
[%emt 0:04:05]} 8. c3 {[%emt 0:07:07]} dxe4 {[%emt 0:02:08]} 9. dxe4 {
[%emt 0:00:07]} a5 {[%emt 0:01:28]} 10. a4 {[%emt 0:01:37]} Bc5 {[%emt 0:13:13]
} 11. Qe2 {[%emt 0:09:20]} b6 {[%emt 0:04:56]} 12. Nc4 {[%emt 0:03:35]} Ba6 {
[%emt 0:03:37]} 13. Bh3 {[%emt 0:06:43]} Qe7 {[%emt 0:03:58]} 14. b3 {
[%emt 0:17:36]} Rad8 {[%emt 0:06:34]} 15. Nh4 {[%emt 0:02:10]} g6 {
[%emt 0:01:29]} 16. Re1 {[%emt 0:10:04]} Kh8 {[%emt 0:18:58]} 17. Bg5 {
[%emt 0:15:39]} Kg7 {[%emt 0:03:03]} 18. Rad1 {[%emt 0:04:28]} h6 {
[%emt 0:01:09]} 19. Bc1 {[%emt 0:00:05]} Kh7 {[%emt 0:00:10]} 20. Kh1 {
[%emt 0:03:14]} Na7 {[%emt 0:04:55]} 21. f3 {[%emt 0:00:56]} Nc8 {
[%emt 0:00:37]} 22. Bxc8 {[%emt 0:03:45]} Bxc8 {[%emt 0:01:12]} 23. Ne3 {
[%emt 0:00:30]} c6 {[%emt 0:03:02]} 24. Nhg2 {[%emt 0:00:51]} 1/2-1/2

[Event "33ème Open International d'Avoine"]
[Site "Avoine"]
[Date "2018.07.21"]
[Round "9.5"]
[White "Dutreuil, Raphael"]
[Black "Manea, Alexandru"]
[Result "1/2-1/2"]
[WhiteElo "2200"]
[BlackElo "2394"]
[PlyCount "89"]
[EventDate "2018.??.??"]

1. e4 {[%emt 11:52:34]} c5 {[%emt 0:09:18]} 2. Nf3 {[%emt 0:00:16]} e6 {
[%emt 0:00:07]} 3. Nc3 {[%emt 0:04:33]} Nc6 {[%emt 0:00:35]} 4. d4 {
[%emt 0:00:10]} cxd4 {[%emt 0:00:37]} 5. Nxd4 {[%emt 0:00:06]} Qc7 {
[%emt 0:00:03]} 6. g4 {[%emt 0:02:23]} a6 {[%emt 0:15:59]} 7. Bg2 {
[%emt 0:00:20]} h6 {[%emt 0:13:01]} 8. h4 {[%emt 0:31:58]} Nf6 {[%emt 0:06:48]}
9. Nxc6 {[%emt 0:06:26]} bxc6 {[%emt 0:00:50]} 10. Qf3 {[%emt 0:19:48]} d5 {
[%emt 0:02:29]} 11. g5 {[%emt 0:00:28]} hxg5 {[%emt 0:05:31]} 12. hxg5 {
[%emt 0:00:07]} Rxh1+ {[%emt 0:00:02]} 13. Bxh1 {[%emt 0:00:05]} Nd7 {
[%emt 0:00:07]} 14. exd5 {[%emt 0:10:55]} cxd5 {[%emt 0:00:23]} 15. Bf4 {
[%emt 0:00:33]} Bd6 {[%emt 0:31:09]} 16. Bxd6 {[%emt 0:00:24]} Qxd6 {
[%emt 0:00:13]} 17. O-O-O {[%emt 0:00:14]} Bb7 {[%emt 0:00:08]} 18. Bg2 {
[%emt 0:07:07]} Qe5 {[%emt 0:07:12]} 19. Qg4 {[%emt 0:00:30]} O-O-O {
[%emt 0:00:11]} 20. Kb1 {[%emt 0:00:48]} Nb6 {[%emt 0:03:24]} 21. Qb4 {
[%emt 0:04:09]} Qd6 {[%emt 0:00:23]} 22. Qxd6 {[%emt 0:01:18]} Rxd6 {
[%emt 0:00:02]} 23. g6 {[%emt 0:00:31]} fxg6 {[%emt 0:05:45]} 24. Ne4 {
[%emt 0:10:23]} Rc6 {[%emt 0:00:33]} 25. Ng5 {[%emt 0:00:11]} Kd7 {
[%emt 0:03:22]} 26. Nf7 {[%emt 0:05:04]} Nc4 {[%emt 0:00:55]} 27. b3 {
[%emt 0:02:40]} Rb6 {[%emt 0:03:35]} 28. Kc1 {[%emt 0:00:46]} Nd6 {
[%emt 0:00:50]} 29. Ne5+ {[%emt 0:00:07]} Ke7 {[%emt 0:00:02]} 30. Nxg6+ {
[%emt 0:00:18]} Kf6 {[%emt 0:00:04]} 31. Nf4 {[%emt 0:00:15]} g5 {
[%emt 0:00:30]} 32. Nd3 {[%emt 0:01:13]} Rc6 {[%emt 0:01:23]} 33. Rh1 {
[%emt 0:00:20]} Nf7 {[%emt 0:00:05]} 34. Kd2 {[%emt 0:00:49]} Rc7 {
[%emt 0:00:15]} 35. f4 {[%emt 0:01:22]} gxf4 {[%emt 0:00:58]} 36. Nxf4 {
[%emt 0:00:02]} Ke5 {[%emt 0:00:32]} 37. Nd3+ {[%emt 0:01:48]} Kd6 {
[%emt 0:00:02]} 38. Rf1 {[%emt 0:00:24]} a5 {[%emt 0:00:12]} 39. Rf6 {
[%emt 0:00:23]} Ke7 {[%emt 0:01:16]} 40. Rg6 {[%emt 0:00:21]} e5 {
[%emt 0:00:25]} 41. Rb6 {[%emt 0:11:03]} Bc6 {[%emt 0:15:10]} 42. c4 {
[%emt 0:09:44]} e4 {[%emt 0:00:32]} 43. cxd5 Bxd5 44. Nf4 {[%emt 0:00:06]} Bb7
{[%emt 0:00:10]} 45. Nd3 {[%emt 0:00:07]} 1/2-1/2